000 00436nam a2200193Ia 4500
008 240510s9999 xx 000 0 und d
020 _a0001556233744
041 _aEng
082 _a005.453
082 _bF84
100 _aARTHUR FULLER, : BRAWLEY, P
245 0 _aDynamics of Clipper
260 _bR.R. Donnelley & Sons Company
260 _c1989
300 _a527 p.
650 _aClipper
942 _2ddc
942 _cLBK
999 _c24338
_d24338
945 _a1
_bMadushi Gamage
_c1
_dMadushi Gamage